Disney Channel Stars by Picture - Statistics

General Stats
  • This quiz has been taken 486 times
  • The average score is 14 of 19
Answer Stats
Picture Answer % Correct
Selena Gomez
97%
Miley Cyrus
96%
Zendaya
93%
Dwayne Johnson
90%
Joe Jonas
89%
Nick Jonas
89%
Zac Efron
89%
Demi Lovato
87%
Jenna Ortega
82%
Britney Spears
78%
Ryan Gosling
78%
Emma Stone
77%
Billy Ray Cyrus
76%
Justin Timberlake
75%
Kevin Jonas
67%
Christina Aguilera
48%
Joshua Bassett
43%
Shia LaBeouf
33%
Bryan Cranston
21%
No matching quizzes found
Score Distribution
Percent of People with Each Score
Percentile by Number Answered
Your Score History
You have not taken this quiz